Errate bekannte Städte - Statistiken

Allgemein
  • Dieses Quiz wurde 201 mal gespielt
  • Das Durchschnittsergebnis liegt bei 12 aus 15
Antwortstatistiken
Merkmal 1 Merkmal 2 Merkmal 3 Stadt % Korrekt
Hat ein weltberühmtes metallisches Wahrzeichen Hochburg für Kunst, Mode und Gastronomie Stadt der Liebe Paris
99%
Liegt auf zwei Kontinenten Bekannt für ihre Hagia Sophia Hauptstadt des Byzantinischen Reiches. Istanbul
97%
Heimat des antiken Kolosseums "Ewige Stadt" Europas Der Vatikanstaat befindet sich in dieser Stadt Rom
93%
Hier steht das höchste Gebäude der Welt Bekannt für ihre künstlich angelegten Inseln Liegt in einem Wüstenland Dubai
91%
Heilig für drei große Weltreligionen Hier befindet sich die Klagemauer "Ewige Stadt“ des Nahen Ostens Jerusalem
90%
Liegt am Wasser Hauptstadt eines skandinavischen Landes Gastgeber der Verleihung des Nobelpreises Stockholm
90%
Einer der größten Häfen Europas Bekannt für die Speicherstadt "Tor zur Welt" Hamburg
88%
Liegt in einer Wüstenregion Der Strip ist eine der Hauptattraktionen Liegt im US-Bundesstaat Nevada Las Vegas
86%
Bekannt für ihre berühmte Statue Austragungsorte der Olympischen Spiele 2016 Liegt in einem Land, das für den Karneval bekannt ist Rio de Janeiro
86%
Hat das dichteste Schienennetz der Welt Bekannt für den Kaiserpalast Hauptstadt eines asiatischen Landes Tokio
85%
Ansammlung von 118 kleinen Inseln Bekannt für ihre Kanäle und Gondeln Heimat weltberühmter Sehenswürdigkeiten Venedig
85%
Südlichste Hauptstadt der Welt Bekannt für ihre Seilbahn Nordinsel eines Landes, das für seine einzigartige Natur bekannt ist Wellington
62%
Finanzzentrum ihres Landes Stadt, die niemals schläft Hier steht auch die Freiheitsstatue New York City
60%
Schauplatz des ersten bemannten Raumflugs Liegt an der Wolga. Ursprüngliche Name war „Stalingrad“ Wolgograd
50%
Hauptstadt einer der größten Demokratien der Welt Bekannt für das Parlamentsgebäude Liegt im Norden des Landes Neu-Delhi
32%
Keine übereinstimmenden Quizze gefunden
Verteilung der Resultate
Anzahl Personen mit jedem Resultat
Perzentil nach korrekt beantworteten Fragen
Ihre Resultats-Entwicklung
Sie haben dieses Quiz noch nicht gespielt